Ídolos do Fluminense - Statistics

Estatísticas Gerais
  • Esse quiz foi jogado 213 vezes
  • A pontuação média é 13 de 18
Estatísticas das Respostas
Imagem Resposta % Correto
Deco
96%
Fred
96%
Gum
94%
Thiago Silva
94%
Rivellino
92%
Conca
91%
Washington
88%
Marcão
84%
Castilho
81%
Assis
70%
Carlos Alberto Torres
64%
Washington
58%
Didi
50%
Romerito
50%
Waldo
50%
Telê
48%
Ézio
46%
Preguinho
36%
Nenhum quiz correspondente encontrado
Distribuição das Pontuações
Porcentagem de Pessoas com Cada Pontuação
Percentil de Números Respondidos
Sua Pontuação Histórica
Você não jogou esse quiz